01700nam a2200301 a 4500001001000000005001700010008004100027041000800068044000700076084002000083100004500103245009500148250000600243260003400249300002200283500051000305500007700815500010300892500006300995500004401058500000901102650005201111650005601163650003401219650004501253700005001298740005001348BRCA_243220190320203815.0141108s1787----sp-a---###---#000-0dspa-u aspa asp a073b.I24c17871 aCervantes Saavedra, Miguel ded1547-161610aEl Ingenioso Hidalgo Don Quixote de la Manchaccompuesto por Miguel de Cervantes Saavedra. a3 aMadridbViuda de Ibarrac1787 a6 v.bil.c18 cm. aContenido : v 1. Primera parte. Prólogo de la Real Academia. Retrato de Cervantes. Vida de Cervantes y análisis del Quijote por V. de los Ríos. Plan cronológico del Quijote. Pruebas y documentos que justifican la Vida por el mismo. Principios de la primera edición. Dedicatoria. Prólogo del autor. Versos preliminares. Mapa. Texto. -- v 2. Texto. -- v 3. Texto. -- v 4. Segunda parte. Principios de la edición príncipe. Dedicatoria. Prólogo del autor. Texto. -- v 5. Texto. -- v 6. Texto aEdición : Tercera edición corregida por la Real Academina Española aEjemplar por completo igual al LO-72. Piel; lomeras adornadas con filetes dorados Lúdovik Osterc aEstado físico : Encuadernación ligeramente desprendida aCon ex-libris de : Francis Bayard Rives aQM5814aNovela españolayÉpoca clásica, 1500-170014aLiteratura españolayÉpoca clásica, 1500-170014aNovela españolaySiglo XVII14aDon Quijote (Personaje ficticio)eNovela1 aRíos, Vicente de losd1732-1779eBiógrafo0 aEl Ingenioso Hidalgo Don Quijote de la Mancha